The Cambridge Guide to Literature in English / (Record no. 137061)

MARC details
000 -LEADER
fixed length control field 00737nam a2200217 4500
010 ## - LIBRARY OF CONGRESS CONTROL NUMBER
LC control number B-011546
020 ## - INTERNATIONAL STANDARD BOOK NUMBER
International Standard Book Number 0521440866
035 ## - SYSTEM CONTROL NUMBER
System control number B-011546
037 ## - SOURCE OF ACQUISITION
Source of stock number/acquisition Cen Lib / Ret
040 ## - CATALOGING SOURCE
Original cataloging agency DPL
Language of cataloging EN
082 ## - DEWEY DECIMAL CLASSIFICATION NUMBER
Classification number 880.3
Item number OUS
100 ## - MAIN ENTRY--PERSONAL NAME
Personal name Ousby, Ian
245 ## - TITLE STATEMENT
Title The Cambridge Guide to Literature in English /
Statement of responsibility, etc by Ian Ousby
260 ## - PUBLICATION, DISTRIBUTION, ETC. (IMPRINT)
Place of publication, distribution, etc Cambridge
Name of publisher, distributor, etc Cambridge University Press
Date of publication, distribution, etc 1993
270 ## - ADDRESS
Address Cambridge University Press
City 40 West 20th Street
Postal code New York
300 ## - PHYSICAL DESCRIPTION
Extent 1055p ;
Dimensions 27cm(Hb)
650 ## - SUBJECT ADDED ENTRY--TOPICAL TERM
Topical term or geographic name as entry element English literature -- Dictionaries.
650 ## - SUBJECT ADDED ENTRY--TOPICAL TERM
Topical term or geographic name as entry element Commonwealth literature (English) -- Bio-bibliography.
650 ## - SUBJECT ADDED ENTRY--TOPICAL TERM
Topical term or geographic name as entry element Commonwealth literature (English) -- Dictionaries.
942 ## - ADDED ENTRY ELEMENTS (KOHA)
Source of classification or shelving scheme Dewey Decimal Classification
Koha item type English Books
Classification part 880.3
Call number suffix QUS
Holdings
Withdrawn status Lost status Damaged status Not for loan Home library Current library Date acquired Source of acquisition Total Checkouts Full call number Barcode Date last seen Copy number Price effective from Koha item type
        Central Library Central Library 15/03/2016 Cen Lib/Ret   880.3 OUS B-011546 15/03/2016 1 15/03/2016 English Books

© Delhi Public Library
Hit Counter
free hit counter